000
00218 a2200097 4500
001
22586
100
_a
Azzo, J D
245
_a
Feedback Control System Analysis
260
_a
_b
McGraw-Hill
_c
1966
090
_c
15244
_d
15244
942
_a
NUST-CAE
_c
M
_c
5830
999
_c
257659
_d
257659